এ্যালান পো এর শ্রেষ্ঠ গল্প / (Record no. 56020)
[ view plain ]
| 000 -LEADER | |
|---|---|
| fixed length control field | 00930nam a2200229 a 4500 |
| 001 - CONTROL NUMBER | |
| control field | 56020 |
| 003 - CONTROL NUMBER IDENTIFIER | |
| rucl marc code | BD-RjUL |
| 005 - DATE AND TIME OF LATEST TRANSACTION | |
| control field | 20211209080338.0 |
| 008 - FIXED-LENGTH DATA ELEMENTS--GENERAL INFORMATION | |
| fixed length control field | 161124s1957 bg ||||| |||| 00| 0 ben d |
| 035 ## - SYSTEM CONTROL NUMBER | |
| System control number | (BD-RjUL)56144 |
| 040 ## - CATALOGING SOURCE | |
| Original cataloging agency | BD-RjUL |
| Language of cataloging | ben |
| Transcribing agency | BD-RjUL |
| Modifying agency | BD-RjUL |
| 041 ## - LANGUAGE CODE | |
| Language code of text/sound track or separate title | ben |
| 082 ## - DEWEY DECIMAL CLASSIFICATION NUMBER | |
| Edition number | 23 |
| Classification number | 813 |
| Author mark and year | ALA 1957 |
| 245 10 - TITLE STATEMENT | |
| Title | এ্যালান পো এর শ্রেষ্ঠ গল্প / |
| Statement of responsibility, etc. | মহিউদ্দিন আহমদ অনুদিত |
| 260 ## - PUBLICATION, DISTRIBUTION, ETC. (IMPRINT) | |
| Place of publication, distribution, etc. | ঢাকা : |
| Name of publisher, distributor, etc. | বার্ডস এ্যান্ড বুক্স, |
| Date of publication, distribution, etc. | ১৯৫৭. |
| 300 ## - PHYSICAL DESCRIPTION | |
| Pagination | খন্ড . ; |
| Size | ১৫ সেমি. |
| 505 ## - FORMATTED CONTENTS NOTE | |
| Formatted contents note | খন্ড. ১. -- খণ্ড ২ -- |
| 650 ## - SUBJECT ADDED ENTRY--TOPICAL TERM | |
| Topical term or geographic name as entry element | আমেরিকান ইংরেজী উপন্যাস |
| 9 (RLIN) | 166747 |
| Topical term or geographic name as entry element | American English Fictions |
| 9 (RLIN) | 166748 |
| 700 ## - ADDED ENTRY--PERSONAL NAME | |
| Personal name | আহমদ, মহিউদ্দিন |
| Fuller form of name | অনুদিত |
| 942 ## - ADDED ENTRY ELEMENTS (KOHA) | |
| Source of classification or shelving scheme | Dewey Decimal Classification |
| Koha item type | Books |
| Lost status | Source of classification or shelving scheme | Damaged status | Not for loan | Collection code | Permanent Location | Current Location | Shelving location | Date acquired | Source of acquisition | Cost, normal purchase price | Total Checkouts | Full call number | Date last seen | Copy number | Koha item type |
|---|---|---|---|---|---|---|---|---|---|---|---|---|---|---|---|
| Dewey Decimal Classification | Fiction | Central Library, University of Rajshahi | Central Library, University of Rajshahi | 02/08/1960 | Faruque library, Rajshahi. | 2.80 | B 813 ALA V-1 1957 | 24/11/2016 | C-2 | Books | |||||
| Dewey Decimal Classification | Fiction | Central Library, University of Rajshahi | Central Library, University of Rajshahi | 07/09/1973 | Dhaka, Nawroge Kitabistan | 2.50 | B 813 ALA V-1 1957 | 27/11/2016 | C-3 | Books | |||||
| Dewey Decimal Classification | Not For Loan | Fiction | Central Library, University of Rajshahi | Central Library, University of Rajshahi | Reading Room | 07/09/1973 | Nawroge kitabstan, Dhaka | 2.50 | B 813 ALA V-1 1957 | 29/01/2017 | C-1 | Books | |||
| Dewey Decimal Classification | Not For Loan | Fiction | Central Library, University of Rajshahi | Central Library, University of Rajshahi | Reading Room | 22/04/1959 | Book view, dacca | B 813 ALA V-2 1957 | 29/01/2017 | C-1 | Books |